quiz bienvenue chez les loud - Statistiques

Statistiques générales
  • Ce quiz a été pris 845 fois
  • Le résultat moyen est 10 sur 15
Statistiques - réponses
Hint Réponse % Correct
1-Quel est la couleur des cheveux de Lincoln Loud ? blanc
100%
3-Qui est la sœur la plus intelligente ? Lisa
92%
4-Comment s'appelle la sœur jumelle de Lana ? Lola
92%
2-Qui est le meilleur ami de Lincoln Loud ? Clyde
91%
5-Quel est la sœur la plus sportive ? Lynn
91%
8-Avec qui Lynn partage- t-elle sa chambre ? Lucy
85%
13-De qui Clyde est-il amoureux dans les premieres saisons ? Lori
82%
12-Comment s'appelle le petit ami de Lori ? Bobby
79%
7-Quel est le mot que dit souvent Lily ? popo
78%
14-De qui Luna est-t-elle amoureuse ? Sam
50%
6-Quelle est la phobie de Leni ? les araignées
49%
11-Dans quel ville habite la famille Loud ? Royal Woods dans le Michigan
48%
9-Comment s'appelle le chat ? Cliff
45%
15-Quel est l'âme sœur irréel de Lucy selon elle ? Edwin
37%
10-Comment s'appelle la série préférée de Lucy ? Les vampires de la mélancolie
30%
Aucun quiz correspondant
Distribution des résultats
% des personnes avec chaque résultat
Percentile par nombre de réponses
Votre historique - résultats
Vous n’avez pas pris ce quiz